Agenda ejecutiva : (Record no. 1174)

MARC details
000 -CABECERA
campo de control de longitud fija 00663nam a2200193 a 4500
005 - FECHA Y HORA DE LA ÚLTIMA TRANSACCIÓN
campo de control 20220617131708.0
008 - ELEMENTOS DE LONGITUD FIJA--INFORMACIÓN GENERAL
campo de control de longitud fija 991125s1997 mx 000 0 spa u
020 ## - NÚMERO INTERNACIONAL NORMALIZADO PARA LIBROS
Número Internacional Estándar del Libro 9687684291
035 ## - NÚMERO DE CONTROL DEL SISTEMA
Número de control de sistema UPN01000001174
049 ## - COLECCIÓN
Colección C
050 #4 - SIGNATURA TOPOGRÁFICA DE LA BIBLIOTECA DEL CONGRESO
Número de clasificación HA767 CH2
Número de documento/Ítem A43 1997
245 00 - MENCIÓN DE TÍTULO
Título Agenda ejecutiva :
Resto del título datos e indicadores importantes del desarrollo social del Estado de Chiapas : CASDES 1997.
260 ## - PUBLICACIÓN, DISTRIBUCIÓN, ETC.
Lugar de publicación, distribución, etc. México :
Nombre del editor, distribuidor, etc. CASDES,
Fecha de publicación, distribución, etc. 1997.
300 ## - DESCRIPCIÓN FÍSICA
Extensión ix, 129 p. :
Otras características físicas gráfs.
651 #2 - ASIENTO SECUNDARIO DE MATERIA - NOMBRE GEOGRAFICO
Nombre geográfico Chiapas (México)
Subdivisión general Condiciones económicas
9 (RLIN) 13373
651 #2 - ASIENTO SECUNDARIO DE MATERIA - NOMBRE GEOGRAFICO
Nombre geográfico Chiapas (México)
Subdivisión general Condiciones sociales
9 (RLIN) 13375
651 #4 - ASIENTO SECUNDARIO DE MATERIA - NOMBRE GEOGRAFICO
Nombre geográfico CHIAPAS -
Subdivisión de forma ESTADISTICA -
-- ANUARIOS
9 (RLIN) 13225
905 ## - TIPO DE MATERIAL
Tipo de material Libro
Holdings
Estado de retiro Estado de pérdida Fuente del sistema de clasificación o colocación Estado dañado No para préstamo Código de colección Localización permanente Ubicación/localización actual Ubicación en estantería Total de préstamos Clasificación Código de barras Fecha visto por última vez Número de copia Tipo de ítem Koha
    Library of Congress Classification   Consulta Consulta Bib. Gregorio Torres Quintero Bib. Gregorio Torres Quintero Sala de lectura Sótano   HA767 CH2 A43 1997 141888 31/12/2020 1 Libro